Sports Quiz

Random Sports or NFL Quiz

Rich Gannon NFL Touchdown Passes Quiz Stats

 Plays Quiz not verified by Sporcle

Challenge
Share
Tweet
Embed
Score 0/49 Timer 07:00
0 Plays Today
Regular Season / Playoffs Player % Correct
Regular SeasonTim Brown
94.8%
PlayoffsTim Brown
94.8%
Regular SeasonJerry Rice
93.3%
PlayoffsJerry Rice
93.3%
Regular SeasonCharlie Garner
71.6%
PlayoffsCharlie Garner
71.6%
Regular SeasonJerry Porter
68.7%
PlayoffsJerry Porter
68.7%
Regular SeasonAnthony Carter
61.9%
Regular SeasonCris Carter
61.9%
Regular SeasonTyrone Wheatley
61.9%
Regular SeasonTeyo Johnson
55.2%
Regular SeasonRoland Williams
50.7%
Regular SeasonHassan Jones
47.8%
Regular SeasonMike L. Jones
47.8%
Regular SeasonTerry Allen
38.8%
Regular SeasonNapoleon Kaufman
38.8%
Regular SeasonJames Jett
36.6%
PlayoffsJames Jett
36.6%
Regular SeasonSteve Jordan
35.8%
Regular SeasonRandy Jordan
35.8%
Regular SeasonTony Gonzalez
35.1%
Regular SeasonDerrick Walker
31.3%
Regular SeasonHerschel Walker
31.3%
Regular SeasonZack Crockett
31.3%
Regular Season / Playoffs Player % Correct
Regular SeasonRickey Dudley
29.9%
Regular SeasonAndre Rison
26.1%
Regular SeasonJon Ritchie
22.4%
Regular SeasonKimble Anders
20.1%
Regular SeasonDoug Jolley
20.1%
PlayoffsDoug Jolley
20.1%
Regular SeasonDerrick Alexander
16.4%
Regular SeasonRonald Curry
16.4%
Regular SeasonArt Monk
14.9%
Regular SeasonRicky Sanders
12.7%
Regular SeasonAlvis Whitted
10.4%
Regular SeasonDoug Gabriel
10.4%
Regular SeasonDonnell Bennett
9.7%
Regular SeasonTony Richardson
9.7%
Regular SeasonLake Dawson
7.5%
Regular SeasonJoe Horn
5.2%
Regular SeasonJeremy Brigham
4.5%
Regular SeasonTerry Kirby
4.5%
Regular SeasonTodd McNair
3%
Regular SeasonDanan Hughes
3%
Regular SeasonChris Penn
2.2%
Regular SeasonSean LaChapelle
2.2%
Regular SeasonTim McGee
2.2%
Regular SeasonTed Popson
2.2%

You're not logged in!

Compare scores with friends on all Sporcle quizzes.
Join for Free
OR
Log In

You Might Also Like...

Show Comments

Extras

Top Quizzes Today


Score Distribution

Your Account Isn't Verified!

In order to create a playlist on Sporcle, you need to verify the email address you used during registration. Go to your Sporcle Settings to finish the process.

Report this User

Report this user for behavior that violates our Community Guidelines.

Details: